00337 a2200121 4500001001000000005001700010008004100027245004100068100002400109700001700133773004800150999001700198ART_1754620260410161750.0260409a 10aWhat got you here wont get you there1 aGoldsmith, Marshall1 aReiter, Mark0 tBook Summaryg- NÂș 12 (ene. 2009)wREV4099 c19598d19598